[Event "GBR-ch 108th"]
[Site "Torquay"]
[Date "2022.08.15"]
[Round "3.1"]
[White "Emms, John M"]
[Black "Grieve, Harry"]
[Result "1/2-1/2"]
[WhiteElo "2474"]
[BlackElo "2390"]
[PlyCount "85"]
[EventDate "2022.08.13"]
[EventType "swiss"]
[EventRounds "9"]
[EventCountry "GBR"]
[SourceTitle "BritBase"]
[Source "John Saunders"]
[SourceDate "2022.08.22"]
[SourceVersion "1"]
[SourceVersionDate "2022.08.22"]
[SourceQuality "2"]

1. e4 c5 2. Nf3 e6 3. Nc3 Nc6 4. d4 cxd4 5. Nxd4 Qc7 6. g3 a6 7. Bg2 Nf6 8. O-O
Nxd4 9. Qxd4 Bc5 10. Bf4 d6 11. Qd2 h6 12. Rad1 e5 13. Be3 Bb4 14. Nb5 axb5 15.
Qxb4 Rxa2 16. Rxd6 O-O 17. Rd2 Be6 18. f3 Rfa8 19. Rfd1 Qc4 20. Qxc4 bxc4 21.
c3 R8a5 22. Bf1 Kh7 23. h4 Ra1 24. Rxa1 Rxa1 25. Kf2 Nd7 26. Bxc4 Bxc4 27. Rxd7
b5 28. g4 Rb1 29. Rd2 f6 30. h5 Kg8 31. Bc5 Kf7 32. Rd7+ Kg8 33. Rd2 Kf7 34.
Rd7+ Kg8 35. Rd8+ Kf7 36. Rd2 Ke6 37. Kg3 Kf7 38. Rd7+ Kg8 39. Rd8+ Kf7 40. Rd2
Ke6 41. Rd6+ Kf7 42. Rd7+ Kg8 43. Rd2 1/2-1/2

[Event "GBR-ch 108th"]
[Site "Torquay"]
[Date "2022.08.15"]
[Round "3.2"]
[White "Gormally, Daniel W"]
[Black "Eames, Robert S"]
[Result "1-0"]
[WhiteElo "2466"]
[BlackElo "2112"]
[PlyCount "55"]
[EventDate "2022.08.13"]
[EventType "swiss"]
[EventRounds "9"]
[EventCountry "GBR"]
[SourceTitle "BritBase"]
[Source "John Saunders"]
[SourceDate "2022.08.22"]
[SourceVersion "1"]
[SourceVersionDate "2022.08.22"]
[SourceQuality "2"]

1. d4 e6 2. e4 d5 3. Nd2 Nf6 4. e5 Nfd7 5. Bd3 c5 6. c3 Nc6 7. Ngf3 Be7 8. O-O
g5 9. dxc5 g4 10. Nd4 Ndxe5 11. Bb5 Bd7 12. Bxc6 bxc6 13. b4 h5 14. Qe2 Qc7 15.
f4 gxf3 16. N2xf3 f6 17. Nxe5 Qxe5 18. Qf2 Qe4 19. Re1 Qg4 20. h3 Qg8 21. c4
dxc4 22. Bb2 e5 23. Nf5 Qg5 24. Nxe7 Kxe7 25. Re3 Rag8 26. Rae1 Kd8 27. Rf3 Rg6
28. Bc1 1-0

[Event "GBR-ch 108th"]
[Site "Torquay"]
[Date "2022.08.15"]
[Round "3.3"]
[White "Derakhshani, Borna"]
[Black "Arkell, Keith C"]
[Result "1/2-1/2"]
[WhiteElo "2374"]
[BlackElo "2409"]
[PlyCount "43"]
[EventDate "2022.08.13"]
[EventType "swiss"]
[EventRounds "9"]
[EventCountry "GBR"]
[SourceTitle "BritBase"]
[Source "John Saunders"]
[SourceDate "2022.08.22"]
[SourceVersion "1"]
[SourceVersionDate "2022.08.22"]
[SourceQuality "2"]

1. Nf3 d5 2. e3 Nf6 3. c4 c6 4. Nc3 Bg4 5. Qb3 Qb6 6. Ne5 e6 7. Nxg4 Nxg4 8. d4
Nd7 9. Be2 Ngf6 10. O-O Be7 11. Bf3 O-O 12. Rd1 Rfd8 13. cxd5 Qxb3 14. axb3
exd5 15. Bd2 Nb6 16. Na4 Nxa4 17. bxa4 a5 18. Rab1 Ne8 19. Be2 f5 20. Bd3 g6
21. Rdc1 Bb4 22. Bxb4 1/2-1/2

[Event "GBR-ch 108th"]
[Site "Torquay"]
[Date "2022.08.15"]
[Round "3.4"]
[White "Pert, Nicholas"]
[Black "Lane, Gary W"]
[Result "1/2-1/2"]
[WhiteElo "2537"]
[BlackElo "2328"]
[PlyCount "82"]
[EventDate "2022.08.13"]
[EventType "swiss"]
[EventRounds "9"]
[EventCountry "GBR"]
[SourceTitle "BritBase"]
[Source "John Saunders"]
[SourceDate "2022.08.22"]
[SourceVersion "1"]
[SourceVersionDate "2022.08.22"]
[SourceQuality "2"]

1. d4 d5 2. Nf3 Nf6 3. c4 c6 4. Nc3 dxc4 5. e4 b5 6. Be2 e6 7. O-O Bb7 8. Rb1
Nbd7 9. b3 Bb4 10. Qc2 Bxc3 11. Qxc3 cxb3 12. Qxb3 Nxe4 13. Ba3 a6 14. Qe3 Ndf6
15. Rfc1 Qd5 16. h3 Nd6 17. Qf4 Rd8 18. Ne5 Qe4 19. Qxe4 Ndxe4 20. Rb2 Nd5 21.
Bf3 Nec3 22. Nd3 a5 23. Bxd5 Nxd5 24. Bc5 f6 25. a3 Kf7 26. Ne1 g5 27. g3 h5
28. Ng2 Bc8 29. h4 Bd7 30. hxg5 fxg5 31. Ne3 Kg6 32. Re2 Nxe3 33. Rxe3 Kh6 34.
Re5 Rhg8 35. Bd6 Rde8 36. Rc3 Rg6 37. Rf3 Kg7 38. Bc7 Ra8 39. Bd6 Re8 40. Bc7
Ra8 41. Bd6 Re8 1/2-1/2

[Event "GBR-ch 108th"]
[Site "Torquay"]
[Date "2022.08.15"]
[Round "3.5"]
[White "Rudd, Jack"]
[Black "Clarke, Brandon G I"]
[Result "0-1"]
[WhiteElo "2318"]
[BlackElo "2474"]
[PlyCount "68"]
[EventDate "2022.08.13"]
[EventType "swiss"]
[EventRounds "9"]
[EventCountry "GBR"]
[SourceTitle "BritBase"]
[Source "John Saunders"]
[SourceDate "2022.08.22"]
[SourceVersion "1"]
[SourceVersionDate "2022.08.22"]
[SourceQuality "2"]

1. d4 Nf6 2. c4 g6 3. Nc3 d5 4. Nf3 Bg7 5. Qb3 dxc4 6. Qxc4 Be6 7. Qb5+ Bd7 8.
Qxb7 Nc6 9. Qb3 Rb8 10. Qd1 Bf5 11. a3 O-O 12. e3 e5 13. d5 Na5 14. b4 e4 15.
Nd4 Nxd5 16. Nxd5 Qxd5 17. Bb2 c5 18. Nxf5 Qxd1+ 19. Kxd1 Rfd8+ 20. Kc2 Bxb2
21. Ne7+ Kf8 22. Nxg6+ hxg6 23. Kxb2 cxb4 24. axb4 Rxb4+ 25. Kc3 Rb3+ 26. Kc2
Rc8+ 27. Kd1 Rc5 28. Rc1 Rd5+ 29. Kc2 Rf5 30. f3 exf3 31. gxf3 Rxe3 32. Ra1
Rexf3 33. Bd3 Rc5+ 34. Kd2 Rd5 0-1

[Event "GBR-ch 108th"]
[Site "Torquay"]
[Date "2022.08.15"]
[Round "3.6"]
[White "Merriman, John"]
[Black "Kirk, Ezra"]
[Result "0-1"]
[WhiteElo "2297"]
[BlackElo "2442"]
[PlyCount "68"]
[EventDate "2022.08.13"]
[EventType "swiss"]
[EventRounds "9"]
[EventCountry "GBR"]
[SourceTitle "BritBase"]
[Source "John Saunders"]
[SourceDate "2022.08.22"]
[SourceVersion "1"]
[SourceVersionDate "2022.08.22"]
[SourceQuality "2"]

1. d4 Nf6 2. c4 e6 3. Nc3 Bb4 4. e3 O-O 5. Nge2 c6 6. a3 Ba5 7. c5 d5 8. cxd6
Qxd6 9. b4 Bb6 10. Bb2 Nbd7 11. Qc2 Qe7 12. Rd1 Bc7 13. Ng3 h5 14. Bc4 h4 15.
Nge2 e5 16. Ba2 Re8 17. O-O e4 18. f3 exf3 19. Rxf3 Nf8 20. e4 Bb6 21. h3 Be6
22. Bb1 Bc4 23. Rf2 Nh5 24. e5 Ng3 25. Nf4 Rad8 26. Ne4 Nxe4 27. Qxe4 Qxe5 28.
dxe5 Rxd1+ 29. Kh2 Bxf2 30. Nh5 Bg1+ 31. Kh1 Bd4+ 32. Kh2 Rxe5 33. Qg4 Ree1 34.
Qxh4 Bxb2 0-1

[Event "GBR-ch 108th"]
[Site "Torquay"]
[Date "2022.08.15"]
[Round "3.7"]
[White "Davies, Nigel R"]
[Black "Eggleston, David J"]
[Result "1-0"]
[WhiteElo "2425"]
[BlackElo "2331"]
[PlyCount "67"]
[EventDate "2022.08.13"]
[EventType "swiss"]
[EventRounds "9"]
[EventCountry "GBR"]
[SourceTitle "BritBase"]
[Source "John Saunders"]
[SourceDate "2022.08.22"]
[SourceVersion "1"]
[SourceVersionDate "2022.08.22"]
[SourceQuality "2"]

1. d4 Nf6 2. Nf3 e6 3. g3 d5 4. Bg2 Be7 5. O-O O-O 6. c4 dxc4 7. Qc2 a6 8. a4
Bd7 9. Qxc4 Bc6 10. Bg5 a5 11. Nc3 Na6 12. Rfd1 Nb4 13. Rac1 Re8 14. h4 h6 15.
Bxf6 Bxf6 16. e4 Qd7 17. b3 b6 18. Qe2 Bb7 19. Qe3 Bd8 20. g4 Qe7 21. g5 hxg5
22. hxg5 c5 23. dxc5 Qxc5 24. Qf4 Qe7 25. Nb5 Rf8 26. g6 fxg6 27. Qg4 g5 28.
Nbd4 Bc8 29. Rxc8 Rxc8 30. Nxe6 Rc5 31. Bf1 Re8 32. Nxc5 Qxc5 33. Bc4+ Kf8 34.
Qh5 1-0

[Event "GBR-ch 108th"]
[Site "Torquay"]
[Date "2022.08.15"]
[Round "3.8"]
[White "Pert, Richard G"]
[Black "Zapolskis, Antanas"]
[Result "1-0"]
[WhiteElo "2411"]
[BlackElo "2266"]
[PlyCount "67"]
[EventDate "2022.08.13"]
[EventType "swiss"]
[EventRounds "9"]
[EventCountry "GBR"]
[SourceTitle "BritBase"]
[Source "John Saunders"]
[SourceDate "2022.08.22"]
[SourceVersion "1"]
[SourceVersionDate "2022.08.22"]
[SourceQuality "2"]

1. d4 d5 2. Nf3 c6 3. c4 Nf6 4. Nc3 dxc4 5. e4 b5 6. Be2 b4 7. Na4 Nxe4 8. Bxc4
e6 9. O-O Be7 10. Re1 Nf6 11. Bf4 Nbd7 12. Rc1 O-O 13. Bb3 Bb7 14. Qe2 Rc8 15.
Bxe6 fxe6 16. Qxe6+ Rf7 17. Ng5 Qf8 18. Nxf7 Qxf7 19. Qxe7 Qxa2 20. Qxb4 Ba6
21. Nc5 Nd5 22. Qd2 Nxc5 23. dxc5 Bb5 24. Bd6 Qa6 25. Ra1 Qb7 26. Ra3 Qd7 27.
Rg3 Re8 28. h4 Rxe1+ 29. Qxe1 Qf7 30. Rf3 Nf6 31. Be7 Bc4 32. Qe5 Qg6 33. Bxf6
gxf6 34. Qxf6 1-0

[Event "GBR-ch 108th"]
[Site "Torquay"]
[Date "2022.08.15"]
[Round "3.9"]
[White "Milchev, Nikolay"]
[Black "Domenech, Vianney"]
[Result "0-1"]
[WhiteElo "2408"]
[BlackElo "2258"]
[PlyCount "104"]
[EventDate "2022.08.13"]
[EventType "swiss"]
[EventRounds "9"]
[EventCountry "GBR"]
[SourceTitle "BritBase"]
[Source "John Saunders"]
[SourceDate "2022.08.22"]
[SourceVersion "1"]
[SourceVersionDate "2022.08.22"]
[SourceQuality "2"]

1. d4 Nf6 2. Nf3 g6 3. c4 Bg7 4. Nc3 O-O 5. e4 d6 6. h3 c5 7. d5 e6 8. Bd3 exd5
9. exd5 Re8+ 10. Kf1 Na6 11. g4 Rb8 12. Bf4 b5 13. Nxb5 Rxb5 14. cxb5 Nb4 15.
a3 Nbxd5 16. Bg3 Bb7 17. Kg2 Qa8 18. Re1 Rxe1 19. Qxe1 Nc7 20. Be2 Ne6 21. Rd1
h5 22. Rxd6 hxg4 23. hxg4 Nd4 24. Qd1 Ne4 25. Kf1 Nxd6 26. Nxd4 Ne4 27. Nc6
Nxg3+ 28. fxg3 Bxc6 29. bxc6 Qxc6 30. Bf3 Qc7 31. b3 Qxg3 32. Qd8+ Kh7 33. Qd5
Qf4 34. Ke2 Bd4 35. Kd3 Kg7 36. b4 Qe3+ 37. Kc4 a6 38. Qe4 Qxa3 39. bxc5 Qxc5+
40. Kd3 Qc3+ 41. Ke2 a5 42. Qd3 Qb4 43. Bd5 Qb2+ 44. Kd1 Bc3 45. Qc2 Qa1+ 46.
Ke2 a4 47. Ba2 a3 48. Kd3 Bb2 49. Qb3 Qf1+ 50. Ke4 Qe2+ 51. Kf4 Be5+ 52. Kg5
f6+ 0-1

[Event "GBR-ch 108th"]
[Site "Torquay"]
[Date "2022.08.15"]
[Round "3.10"]
[White "Price, Gwilym"]
[Black "Jackson, James P"]
[Result "1-0"]
[WhiteElo "2129"]
[BlackElo "2406"]
[PlyCount "129"]
[EventDate "2022.08.13"]
[EventType "swiss"]
[EventRounds "9"]
[EventCountry "GBR"]
[SourceTitle "BritBase"]
[Source "John Saunders"]
[SourceDate "2022.08.22"]
[SourceVersion "1"]
[SourceVersionDate "2022.08.22"]
[SourceQuality "2"]

1. e4 e5 2. Nc3 Nf6 3. Bc4 Nxe4 4. Qh5 Nd6 5. Bb3 Be7 6. Qxe5 O-O 7. d4 b5 8.
Nf3 Nc6 9. Qf4 Na5 10. Bd5 c6 11. Ne4 Ne8 12. Bb3 d5 13. Ng3 Bd6 14. Qh4 Qxh4
15. Nxh4 g6 16. O-O Kg7 17. Bd2 Nc4 18. Bxc4 dxc4 19. Nf3 Be6 20. Ne4 Be7 21.
Ne5 Rc8 22. Nc5 Bf5 23. a4 f6 24. Nf3 Kf7 25. axb5 cxb5 26. Rxa7 Rc7 27. Ra5
Nd6 28. c3 g5 29. Rfa1 Re8 30. h3 h5 31. Nh2 Bd8 32. Ra6 Ne4 33. Nxe4 Bxe4 34.
Nf1 Rce7 35. Re1 Bb7 36. Raa1 Rxe1 37. Rxe1 Be7 38. Ra1 Bd8 39. Re1 Rh8 40. Ne3
Kg6 41. Nc2 h4 42. Na3 Bc6 43. Re6 Be8 44. Rd6 Be7 45. Rb6 Bxa3 46. bxa3 Rh7
47. f3 Ra7 48. Bc1 Bd7 49. Kf2 Kf7 50. d5 Ra8 51. Rb7 Ke8 52. Ke3 f5 53. Kd4 f4
54. Ke5 Ra6 55. Rb8+ Kf7 56. Rh8 Kg7 57. Rd8 Ra7 58. a4 bxa4 59. Rxd7+ Rxd7 60.
Ke6 Rb7 61. Ba3 Rb3 62. d6 Rxa3 63. d7 Rxc3 64. d8=Q Re3+ 65. Kf5 1-0

[Event "GBR-ch 108th"]
[Site "Torquay"]
[Date "2022.08.15"]
[Round "3.11"]
[White "Donaldson, Thomas"]
[Black "Claridge-Hansen, William"]
[Result "0-1"]
[WhiteElo "1982"]
[BlackElo "2345"]
[PlyCount "52"]
[EventDate "2022.08.13"]
[EventType "swiss"]
[EventRounds "9"]
[EventCountry "GBR"]
[SourceTitle "BritBase"]
[Source "John Saunders"]
[SourceDate "2022.08.22"]
[SourceVersion "1"]
[SourceVersionDate "2022.08.22"]
[SourceQuality "2"]

1. e4 c6 2. d4 d5 3. exd5 cxd5 4. c4 Nf6 5. Nc3 g6 6. Qb3 Bg7 7. cxd5 O-O 8.
Be2 Nbd7 9. Bf3 Nb6 10. Nge2 a5 11. a4 Bf5 12. Nf4 g5 13. Nh5 Nxh5 14. Bxh5 h6
15. Be3 Bd3 16. h4 gxh4 17. Qd1 Bc4 18. Qg4 f5 19. Qxh4 Rf6 20. Bf4 Nxd5 21.
Be5 Re6 22. Qg3 Rxe5+ 23. dxe5 Nb4 24. Bd1 f4 25. Qh4 Qd4 26. Rh3 Rd8 0-1

[Event "GBR-ch 108th"]
[Site "Torquay"]
[Date "2022.08.15"]
[Round "3.12"]
[White "Taylor, Adam A"]
[Black "Hebden, Mark L"]
[Result "1/2-1/2"]
[WhiteElo "2204"]
[BlackElo "2476"]
[PlyCount "140"]
[EventDate "2022.08.13"]
[EventType "swiss"]
[EventRounds "9"]
[EventCountry "GBR"]
[SourceTitle "BritBase"]
[Source "John Saunders"]
[SourceDate "2022.08.22"]
[SourceVersion "1"]
[SourceVersionDate "2022.08.22"]
[SourceQuality "2"]

1. Nf3 Nf6 2. g3 g6 3. Bg2 Bg7 4. O-O O-O 5. d4 c6 6. b3 d5 7. Bb2 a5 8. Nbd2
a4 9. c4 Bf5 10. Nh4 Be6 11. e3 Na6 12. Qe2 Qd7 13. Rfd1 Bg4 14. f3 Bh3 15. e4
Bxg2 16. Nxg2 dxe4 17. Nxe4 Nxe4 18. Qxe4 Rfd8 19. Ne3 Qc7 20. Kg2 e6 21. Bc3
c5 22. Nc2 Rd7 23. Qe3 Rad8 24. d5 exd5 25. Bxg7 Kxg7 26. cxd5 Rxd5 27. Qc3+
Kg8 28. Rxd5 Rxd5 29. Ne3 Rd4 30. Re1 Nb4 31. Ng4 Nd3 32. Re3 Qd6 33. Re8+ Kg7
34. Ne3 axb3 35. axb3 Ne5 36. Nc4 Nxc4 37. bxc4 Qf6 38. Re2 h5 39. h4 b6 40.
Re8 Rd6 41. Qxf6+ Kxf6 42. Kf2 Kf5 43. Rf8 f6 44. Ke3 Rd4 45. Rb8 Rxc4 46. Rxb6
Rc3+ 47. Kf2 Ke5 48. Rc6 c4 49. Ke2 Rc1 50. Ke3 c3 51. Kd3 g5 52. hxg5 fxg5 53.
Rc5+ Kf6 54. Rc6+ Kf7 55. Rc7+ Ke6 56. Rc6+ Ke7 57. Rg6 Rd1+ 58. Kxc3 Rd5 59.
Kc4 Rf5 60. f4 gxf4 61. gxf4 Kf7 62. Ra6 Rxf4+ 63. Kd3 Kg7 64. Ke3 Rf1 65. Ke2
Rf5 66. Ke3 Rf8 67. Rb6 h4 68. Rb4 Rh8 69. Kf3 h3 70. Rb1 Kg6 1/2-1/2

[Event "GBR-ch 108th"]
[Site "Torquay"]
[Date "2022.08.15"]
[Round "3.13"]
[White "Onslow, Alfie"]
[Black "Wadsworth, Matthew J"]
[Result "0-1"]
[WhiteElo "2111"]
[BlackElo "2418"]
[PlyCount "118"]
[EventDate "2022.08.13"]
[EventType "swiss"]
[EventRounds "9"]
[EventCountry "GBR"]
[SourceTitle "BritBase"]
[Source "John Saunders"]
[SourceDate "2022.08.22"]
[SourceVersion "1"]
[SourceVersionDate "2022.08.22"]
[SourceQuality "2"]

1. e4 e6 2. d4 d5 3. Nc3 Nc6 4. e5 f6 5. Nf3 Qe7 6. Bb5 Bd7 7. O-O O-O-O 8. a4
Qf7 9. Bxc6 Bxc6 10. Nb5 Kb8 11. c3 Ne7 12. b4 Ng6 13. Qb3 Qe8 14. Be3 a6 15.
Qa2 Bxb5 16. axb5 Qxb5 17. Rfb1 Ne7 18. Nd2 Nc8 19. Qc2 Nb6 20. Ra5 Qc6 21. b5
axb5 22. Raxb5 fxe5 23. Bg5 Rd7 24. dxe5 d4 25. c4 Rd5 26. R5b2 Rc5 27. Qd3 h6
28. Bf4 g5 29. Bg3 Be7 30. h3 Rd8 31. Qa3 Bf8 32. Ra2 Kc8 33. Qd3 Nxc4 34. Ra8+
Kd7 35. Qxd4+ Qd5 36. Qxd5+ exd5 37. e6+ Ke7 38. Rxd8 Kxd8 39. Nf3 Bd6 40. Rxb7
Bxg3 41. fxg3 Ke7 42. Rb8 Nd6 43. Rh8 Rc1+ 44. Kf2 Ne4+ 45. Ke3 c5 46. Rxh6
Rc3+ 47. Ke2 d4 48. Kd1 d3 49. h4 Ra3 50. Kc1 g4 51. Nd2 Nxd2 52. Kxd2 c4 53.
Rh7+ Kxe6 54. Rc7 Ra2+ 55. Kd1 Kd5 56. Rd7+ Ke4 57. h5 c3 58. Re7+ Kd4 59. Rd7+
Ke3 0-1

[Event "GBR-ch 108th"]
[Site "Torquay"]
[Date "2022.08.15"]
[Round "3.14"]
[White "Ward, Christopher"]
[Black "Jones, Steven A"]
[Result "1-0"]
[WhiteElo "2402"]
[BlackElo "2210"]
[PlyCount "87"]
[EventDate "2022.08.13"]
[EventType "swiss"]
[EventRounds "9"]
[EventCountry "GBR"]
[SourceTitle "BritBase"]
[Source "John Saunders"]
[SourceDate "2022.08.22"]
[SourceVersion "1"]
[SourceVersionDate "2022.08.22"]
[SourceQuality "2"]

1. d4 Nf6 2. c4 g6 3. h4 d6 4. Nc3 Bg7 5. e4 Nc6 6. d5 Ne5 7. Be2 h5 8. Nf3
Nxf3+ 9. gxf3 O-O 10. f4 c6 11. Be3 cxd5 12. cxd5 Qa5 13. f3 b5 14. Qd2 b4 15.
Nb5 Bd7 16. Nd4 Rab8 17. Kf2 Qd8 18. Rac1 Kh7 19. Nc6 Bxc6 20. dxc6 Qa5 21. c7
Rbc8 22. a3 Rxc7 23. axb4 Rxc1 24. bxa5 Rxh1 25. Bxa7 Rxh4 26. Kg2 Bh6 27. Be3
Rd8 28. a6 e5 29. a7 Bxf4 30. Bxf4 Rxf4 31. Qa5 Ra8 32. Qc7 Nd5 33. exd5 Ra4
34. Qxf7+ Kh8 35. Qf6+ Kh7 36. Qe7+ Kh6 37. Qxd6 R8xa7 38. Bd3 Rg7 39. Qxe5 Rb4
40. d6 Rb6 41. Qf6 Kh7 42. Be4 Rb8 43. Kh3 Rb4 44. d7 1-0

[Event "GBR-ch 108th"]
[Site "Torquay"]
[Date "2022.08.15"]
[Round "3.15"]
[White "Willow, Jonah B"]
[Black "Balaji, Aaravamudhan"]
[Result "1-0"]
[WhiteElo "2393"]
[BlackElo "2194"]
[PlyCount "81"]
[EventDate "2022.08.13"]
[EventType "swiss"]
[EventRounds "9"]
[EventCountry "GBR"]
[SourceTitle "BritBase"]
[Source "John Saunders"]
[SourceDate "2022.08.22"]
[SourceVersion "1"]
[SourceVersionDate "2022.08.22"]
[SourceQuality "2"]

1. e4 e5 2. Nf3 Nc6 3. Nc3 Nf6 4. Bb5 Bb4 5. O-O O-O 6. d3 Bxc3 7. bxc3 d6 8.
Bg5 Qe7 9. Re1 h6 10. Bh4 a6 11. Ba4 Nd8 12. d4 Ne6 13. dxe5 dxe5 14. Nxe5 Nc5
15. Nd3 Nxa4 16. e5 g5 17. exf6 Qxf6 18. Bg3 Nxc3 19. Qc1 Nb5 20. c4 Nd6 21. c5
Ne8 22. h4 gxh4 23. Be5 Qg6 24. Re3 Bf5 25. Nf4 Qg5 26. Nd5 Kh7 27. Bf4 Qg7 28.
Be5 Qg5 29. Bf4 Qg7 30. Ne7 Bg4 31. Qc2+ Kh8 32. Be5 f6 33. Ng6+ Kg8 34. Bb2
Rf7 35. Rae1 Bd7 36. Ne7+ Kf8 37. Ng6+ Kg8 38. Nxh4 Qh7 39. Qb3 Kf8 40. Qxb7
Rd8 41. c6 1-0

[Event "GBR-ch 108th"]
[Site "Torquay"]
[Date "2022.08.15"]
[Round "3.16"]
[White "Burrows, Martin P"]
[Black "Toma, Katarzyna"]
[Result "0-1"]
[WhiteElo "2064"]
[BlackElo "2303"]
[PlyCount "92"]
[EventDate "2022.08.13"]
[EventType "swiss"]
[EventRounds "9"]
[EventCountry "GBR"]
[SourceTitle "BritBase"]
[Source "John Saunders"]
[SourceDate "2022.08.22"]
[SourceVersion "1"]
[SourceVersionDate "2022.08.22"]
[SourceQuality "2"]

1. e4 c5 2. Nf3 Nc6 3. d4 cxd4 4. Nxd4 Nf6 5. Nc3 e5 6. Ndb5 d6 7. Bg5 a6 8.
Na3 b5 9. Nd5 Be7 10. Bxf6 Bxf6 11. c4 b4 12. Nc2 O-O 13. g3 Be6 14. Bg2 a5 15.
O-O a4 16. Qd3 Rb8 17. b3 Bxd5 18. cxd5 Na5 19. Ne3 Nb7 20. h4 Nc5 21. Qc2 h5
22. Nc4 Ra8 23. Rab1 Qb8 24. Qd2 Rd8 25. Rfc1 axb3 26. axb3 Rd7 27. Qe3 Be7 28.
Qf3 g6 29. g4 hxg4 30. Qxg4 Rc7 31. h5 Qe8 32. Ne3 Ra2 33. Rc4 Bf8 34. Bf1 Rb7
35. Nf5 Kh7 36. Ne3 Qe7 37. Kg2 Qf6 38. Nc2 Bh6 39. Be2 gxh5 40. Qf5+ Qxf5 41.
exf5 Bd2 42. Bxh5 Kg7 43. Kf3 Kf6 44. Bg4 e4+ 45. Ke2 Bc3 46. Kd1 Nd3 0-1

[Event "GBR-ch 108th"]
[Site "Torquay"]
[Date "2022.08.15"]
[Round "3.17"]
[White "Pollack, Oscar"]
[Black "Richardson, John R"]
[Result "1/2-1/2"]
[WhiteElo "2020"]
[BlackElo "2296"]
[PlyCount "146"]
[EventDate "2022.08.13"]
[EventType "swiss"]
[EventRounds "9"]
[EventCountry "GBR"]
[SourceTitle "BritBase"]
[Source "John Saunders"]
[SourceDate "2022.08.22"]
[SourceVersion "1"]
[SourceVersionDate "2022.08.22"]
[SourceQuality "2"]

1. e4 c6 2. d3 d5 3. Nd2 e5 4. Ngf3 Bd6 5. g3 Nf6 6. Bg2 O-O 7. O-O Re8 8. b3
a5 9. Bb2 Nbd7 10. d4 exd4 11. exd5 c5 12. Nc4 Bf8 13. a4 Nb6 14. Nxb6 Qxb6 15.
Nd2 Bg4 16. f3 Bf5 17. g4 Bc8 18. c4 dxc3 19. Nc4 Qd8 20. Bxc3 b6 21. d6 Ba6
22. g5 Nd7 23. f4 Ra7 24. Bd5 Nb8 25. Be5 Rd7 26. Re1 Bxc4 27. Bxc4 Bxd6 28.
Bb5 Bxe5 29. Bxd7 Bd4+ 30. Qxd4 Rxe1+ 31. Rxe1 cxd4 32. Re8+ Qxe8 33. Bxe8 Na6
34. Bb5 Nc5 35. Bc4 Kf8 36. Kf2 Ke7 37. Kf3 f6 38. Kg4 fxg5 39. fxg5 Kd6 40.
Kf4 h6 41. h4 d3 42. gxh6 gxh6 43. Ke3 Ke5 44. Bxd3 Nxb3 45. h5 Nd4 46. Bg6 b5
47. axb5 Nxb5 48. Kd3 Nd6 49. Kc3 Ne4+ 50. Kb3 Nf6 51. Ka4 Kf4 52. Kxa5 Kg5 53.
Kb4 Nxh5 54. Be8 Ng7 55. Bd7 h5 56. Kc3 Kf4 57. Kd2 Kf3 58. Ke1 Kg2 59. Bc6+
Kg1 60. Ke2 h4 61. Bd7 Kg2 62. Bc6+ Kg1 63. Bd7 Kg2 64. Bc6+ Kg3 65. Bd7 Nh5
66. Kf1 Nf6 67. Bc8 Ng4 68. Bxg4 Kxg4 69. Kg2 h3+ 70. Kh2 Kh4 71. Kh1 Kg3 72.
Kg1 h2+ 73. Kh1 Kh3 1/2-1/2

[Event "GBR-ch 108th"]
[Site "Torquay"]
[Date "2022.08.15"]
[Round "3.18"]
[White "Lan Yao"]
[Black "Rathbone-Jones, Ifan"]
[Result "1-0"]
[WhiteElo "2274"]
[BlackElo "2006"]
[PlyCount "91"]
[EventDate "2022.08.13"]
[EventType "swiss"]
[EventRounds "9"]
[EventCountry "GBR"]
[SourceTitle "BritBase"]
[Source "John Saunders"]
[SourceDate "2022.08.22"]
[SourceVersion "1"]
[SourceVersionDate "2022.08.22"]
[SourceQuality "2"]

1. e4 c6 2. d4 d5 3. Nd2 dxe4 4. Nxe4 Nf6 5. Nxf6+ exf6 6. c3 c5 7. Nf3 Be7 8.
Be3 O-O 9. Be2 Qc7 10. O-O Rd8 11. Qc2 g6 12. Rad1 Bf5 13. Qb3 Nd7 14. Bc4 b5
15. Bxf7+ Kg7 16. dxc5 a5 17. Bd5 Rab8 18. Nd4 Bg4 19. Bf3 Nxc5 20. Bxg4 Rxd4
21. Rxd4 Nxb3 22. Rd7 Qe5 23. axb3 h5 24. Bf3 Kf8 25. Re1 Ke8 26. Rxe7+ Qxe7
27. Bd2 Qxe1+ 28. Bxe1 b4 29. Bd5 Rd8 30. c4 Ke7 31. Kf1 Kd6 32. Bd2 g5 33. Ke2
g4 34. Bf4+ Kd7 35. Kd3 Re8 36. Be3 f5 37. Kd4 f4 38. Bxf4 Re2 39. c5 Rxf2 40.
c6+ Ke7 41. Bg3 Rd2+ 42. Kc5 Rxb2 43. Bh4+ Ke8 44. Kd6 a4 45. c7 Rc2 46. Bc6+
1-0

[Event "GBR-ch 108th"]
[Site "Torquay"]
[Date "2022.08.15"]
[Round "3.19"]
[White "Kolbus, Dietmar"]
[Black "Finn, Peter"]
[Result "1/2-1/2"]
[WhiteElo "2272"]
[BlackElo "2033"]
[PlyCount "172"]
[EventDate "2022.08.13"]
[EventType "swiss"]
[EventRounds "9"]
[EventCountry "GBR"]
[SourceTitle "BritBase"]
[Source "John Saunders"]
[SourceDate "2022.08.22"]
[SourceVersion "1"]
[SourceVersionDate "2022.08.22"]
[SourceQuality "2"]

1. c4 c6 2. b3 d5 3. Bb2 Bf5 4. Nf3 e6 5. g3 h6 6. Bg2 Nf6 7. O-O Nbd7 8. d3
Be7 9. Nbd2 O-O 10. a3 a5 11. Ra2 Re8 12. Qa1 Bh7 13. Ne5 c5 14. Ndf3 Ra6 15.
Nxd7 Qxd7 16. Ne5 Qc7 17. f4 d4 18. e3 Nd7 19. Nxd7 Qxd7 20. e4 Rb6 21. Qd1 a4
22. bxa4 Ra8 23. Bc1 Qxa4 24. Qxa4 Rxa4 25. Rb2 Rxb2 26. Bxb2 Ra6 27. Kf2 Rb6
28. Rb1 f5 29. e5 Bg6 30. Bf3 Be8 31. Bd1 g5 32. Bc2 Kg7 33. Bd1 gxf4 34. gxf4
Bh4+ 35. Kf1 Bc6 36. Bc2 Bf3 37. a4 Be7 38. Kf2 Bg4 39. Kg3 Kf7 40. a5 Rb4 41.
Kf2 Ke8 42. Kg3 Kd7 43. Kf2 Bh4+ 44. Kf1 Kc6 45. Bc1 Rxb1 46. Bxb1 Bd1 47. Bd2
Bd8 48. Ke1 Ba4 49. Ke2 Kd7 50. Be1 Kc8 51. Ba2 Kb8 52. a6 b6 53. Kd2 Ka7 54.
Kc1 Kxa6 55. Bf2 Kb7 56. Bb1 Kc6 57. Kd2 Bb3 58. Kc1 b5 59. cxb5+ Kxb5 60. Kb2
Ka4 61. Bc2 Bxc2 62. Kxc2 Ba5 63. Bh4 Kb5 64. Bf2 Kc6 65. Bh4 Kd5 66. Bf2 c4
67. Bh4 Bb4 68. Bf6 Bf8 69. Kd2 c3+ 70. Kc2 h5 71. Bg5 Bg7 72. Kd1 Bxe5 73.
fxe5 Kxe5 74. Bc1 Kd5 75. Ke2 e5 76. Bg5 e4 77. Bf4 e3 78. Kd1 Ke6 79. h4 Kd5
80. Bg3 Kc5 81. Be5 Kd5 82. Bg3 Ke6 83. Bf4 Kf6 84. Bg3 Ke6 85. Bf4 Kd5 86. Bg3
Ke6 1/2-1/2